000 00256nam a22001097a 4500
999 _c165918
_d165918
082 _a
_b
100 _aAarsu
245 _aKeral:
_bkala sahithya aur samskriti/
_cby Aarsu.
260 _aMathura:
_bJawahar Pustakalaya,
_c2008.
650 _a
942 _cBK